| 000 | 00536nam a22001817a 4500 | ||
|---|---|---|---|
| 003 | CEME | ||
| 005 | 20210628202533.0 | ||
| 008 | 210121b xxu||||| |||| 00| 0 eng d | ||
| 020 | _a0-395-76535-8 | ||
| 040 | _c. | ||
| 082 | _a635.9097 ELL | ||
| 100 |
_aEllis, Barbara .W _960402 |
||
| 245 | _aFavorite palants ,proven perennials, annuals, flowering trees, shrubs, and vines for every garden | ||
| 260 |
_aNEW YORK _bHOUGHTON MIFFLIN _c1998 |
||
| 300 | _aX,342 P | ||
| 650 |
_aPLANTS, LANDSCAPE GARDENING _960403 |
||
| 942 |
_cBK _2ddc |
||
| 999 |
_c570130 _d570130 |
||